000 00660nam a2200217 i 4500
001 bg
100 1 _aRYŚ, Jan
245 0 0 _aPodstawy konstrukcji maszyn.
_nCz. 1,
_pZbiór zadań /
_cJan Ryś, Zbigniew Skrzyszowski ; Politechnika Krakowska im. Tadeusza Kościuszki.
250 _aWyd. 3.
260 _aKraków :
_bPK,
_c1993.
300 _a289 s. :
_brys. ;
_c24 cm.
650 9 _aMaszyny
_xbudowa i konstrukcje
655 _aPodręczniki akademickie
655 _aĆwiczenia i zadania
700 1 _aSKRZYSZOWSKI, Zbigniew
040 _cBPK
041 0 _apl
080 _a621.01(075.8)(076)
942 _cKS
008 s pl f |000 0 pol
999 _c6696
_d6696
856 _uhttp://koha.tu.koszalin.pl/cgi-bin/koha/opac-detail.pl?biblionumber=6696
_yKatalog online BPK